00726nam a2200241 a 4500001001300000003000900013005001700022008004100039020001000080082001600090100002100106245008000127260003400207300000900241500003500250505001500285650001700300700002100317902000800338942000700346952011600353999001500469nice12345678IN_TiNIC20260116011453.0050524s1909 lona grp 000 0 eng  ac10000a955.03bBRO aBrowne, Edward G aBrief Narrative of Recent Events in Persia Followed By a Trasl.Of Four Pill aLondon bLuzac and Co. c1909 a101p aincludes index and biblioraphy2 aIll, Index aIran-History1 aBrowne, Edward G bSRS cBK 001040708StackRoom-aHMIbHMId2007-05-29g100.00l0o955.03 BROp00424r2007-05-29v100.00w2005-05-24yBK c1835d1835